| 000 | 00441nam a2200193Ia 4500 | ||
|---|---|---|---|
| 008 | 170918s9999 xx 000 0 und d | ||
| 020 | _a9781846967054 | ||
| 050 | _bR777 2008 | ||
| 100 | _aRooney, Anne | ||
| 245 | _aVampire castle / | ||
| 245 | _cAnne Rooney. | ||
| 260 | _aNew York : | ||
| 260 | _bScholastic, | ||
| 260 | _c2008 | ||
| 300 | _a32 pages : | ||
| 300 | _bcolored illustration ; | ||
| 300 | _c26cm. | ||
| 500 | _a550 | ||
| 999 |
_c341658 _d341658 |
||